[Event "Sachsen-Anhalt Landesliga-B 1920"]
[Site "Sachsen Anhalt"]
[Date "2020.09.20"]
[Round "8.2"]
[White "Romanow, Werner"]
[Black "Heun, Georg"]
[Result "0-1"]
[WhiteElo "1912"]
[BlackElo "1918"]
[PlyCount "96"]
[EventDate "2019.09.29"]
[EventType "team-tourn"]
[EventRounds "9"]
[EventCountry "GER"]
[SourceTitle "EXT 2023"]
[Source "ChessBase"]
[SourceDate "2022.10.05"]
[SourceVersion "1"]
[SourceVersionDate "2022.10.05"]
[SourceQuality "1"]
[WhiteTeam "Merseburg II"]
[BlackTeam "Coethen Germania II"]
[WhiteTeamCountry "GER"]
[BlackTeamCountry "GER"]

1. c4 e6 2. Nf3 d5 3. e3 Bd6 4. Nc3 c6 5. d4 f5 6. Qc2 Nf6 7. Bd3 Ne4 8. 0-0 Nd7 9. b3 0-0 10. Ne2 Rf6 11. Bb2 Rh6 12. g3 Qf6 13. Kg2 Qg6 14. Nf4 Qf6 15. h4 Nf8 16. Ne5 Ng6 17. Nfxg6 hxg6 18. Rh1 Qe7 19. f3 Nf6 20. Rae1 Nd7 21. f4 Nf6 22. Nf3 Bd7 23. Ng5 Be8 24. c5 Bc7 25. b4 Ne4 26. Bxe4 fxe4 27. Rc1 Qd7 28. a3 Bd8 29. Qe2 Bxg5 30. hxg5 Rxh1 31. Rxh1 Qf7 32. g4 Bd7 33. Kg3 Re8 34. Bc3 Kf8 35. Qd1 Rc8 36. Qa4 a6 37. Qa5 Qe7 38. Rh8+ Kf7 39. Rxc8 Bxc8 40. Qb6 Qd7 41. Qa5 e5 42. f5 gxf5 43. dxe5 f4+ 44. Kf2 fxe3+ 45. Kxe3 Qxg4 46. Qc7+ Kg6 47. Kd2 Bf5 48. e6 e3+ 0-1

[Event "Arber op Seniors 4th"]
[Site "Bodenmais"]
[Date "2016.08.05"]
[Round "7"]
[White "Romanow, Werner"]
[Black "Schmid, Siegfried"]
[Result "1/2-1/2"]
[WhiteElo "2108"]
[BlackElo "2134"]
[PlyCount "21"]
[EventDate "2016.07.30"]
[EventType "swiss"]
[EventRounds "9"]
[EventCountry "GER"]
[SourceTitle "EXT 2017"]
[Source "ChessBase"]
[SourceDate "2016.10.25"]
[SourceVersion "1"]
[SourceVersionDate "2016.10.25"]
[SourceQuality "1"]

1. c4 Nf6 2. Nf3 Nc6 3. Nc3 d5 4. cxd5 Nxd5 5. g3 e5 6. Bg2 Be6 7. 0-0 Nb6 8. d3 Be7 9. a3 a5 10. Be3 Nd5 11. Nxd5 1/2-1/2

[Event "Arber op Seniors 4th"]
[Site "Bodenmais"]
[Date "2016.08.04"]
[Round "6"]
[White "Schaefer, Ruediger"]
[Black "Romanow, Werner"]
[Result "1/2-1/2"]
[WhiteElo "1784"]
[BlackElo "2108"]
[PlyCount "31"]
[EventDate "2016.07.30"]
[EventType "swiss"]
[EventRounds "9"]
[EventCountry "GER"]
[SourceTitle "EXT 2017"]
[Source "ChessBase"]
[SourceDate "2016.10.25"]
[SourceVersion "1"]
[SourceVersionDate "2016.10.25"]
[SourceQuality "1"]

1. e4 d5 2. exd5 Qxd5 3. Nc3 Qd6 4. d4 Nf6 5. Nf3 c6 6. h3 Bf5 7. Bc4 e6 8. Nh4 Bg6 9. Nxg6 hxg6 10. a3 Be7 11. Be3 Nbd7 12. Qf3 Nb6 13. Ba2 Nbd5 14. Nxd5 Nxd5 15. Bxd5 Qxd5 16. Qxd5 1/2-1/2

[Event "Hessen-ch Seniors op 12th"]
[Site "Bad Sooden-Allendorf"]
[Date "2016.05.05"]
[Round "6"]
[White "Weiss, Hartwig"]
[Black "Romanow, Werner"]
[Result "0-1"]
[WhiteElo "1965"]
[BlackElo "2130"]
[PlyCount "50"]
[EventDate "2016.04.30"]
[EventType "swiss"]
[EventRounds "9"]
[EventCountry "GER"]
[SourceTitle "EXT 2019"]
[Source "ChessBase"]
[SourceDate "2018.10.10"]
[SourceVersion "1"]
[SourceVersionDate "2018.10.10"]
[SourceQuality "1"]

1. d4 Nf6 2. c4 c5 3. d5 b5 4. Nf3 g6 5. cxb5 a6 6. b6 Qxb6 7. Nc3 d6 8. e4 Bg7 9. Be2 0-0 10. 0-0 Bg4 11. Rb1 Nbd7 12. Be3 Qc7 13. Qd2 Rfb8 14. h3 Bxf3 15. Bxf3 Qa5 16. g4 Nb6 17. e5 Nc4 18. Qc2 Nxe5 19. Be2 Ned7 20. f4 Nb6 21. Bd2 Qb4 22. Kh2 Qd4 23. Rbd1 Nfxd5 24. Nxd5 Nxd5 25. Bc3 Ne3 0-1

[Event "GER-chA Seniors 26th"]
[Site "Bad Neuenahr"]
[Date "2014.08.07"]
[Round "3"]
[White "Romanow, Werner"]
[Black "Neese, Hans Joachim"]
[Result "1/2-1/2"]
[WhiteElo "2125"]
[BlackElo "2210"]
[PlyCount "21"]
[EventDate "2014.08.05"]
[EventType "swiss"]
[EventRounds "9"]
[EventCountry "GER"]
[SourceTitle "EXT 2018"]
[Source "ChessBase"]
[SourceDate "2017.10.13"]
[SourceVersion "1"]
[SourceVersionDate "2017.10.13"]
[SourceQuality "1"]

1. c4 Nf6 2. Nf3 e6 3. e3 b6 4. Be2 Bb7 5. 0-0 Be7 6. b3 0-0 7. Bb2 d5 8. d4 Nbd7 9. Nbd2 c5 10. Rc1 Rc8 11. h3 1/2-1/2

[Event "GER-chA Seniors 26th"]
[Site "Bad Neuenahr"]
[Date "2014.08.06"]
[Round "2"]
[White "Thielemann, Joachim"]
[Black "Romanow, Werner"]
[Result "0-1"]
[WhiteElo "1837"]
[BlackElo "2125"]
[PlyCount "100"]
[EventDate "2014.08.05"]
[EventType "swiss"]
[EventRounds "9"]
[EventCountry "GER"]
[SourceTitle "EXT 2018"]
[Source "ChessBase"]
[SourceDate "2017.10.13"]
[SourceVersion "1"]
[SourceVersionDate "2017.10.13"]
[SourceQuality "1"]

1. e4 c5 2. Nc3 Nc6 3. g3 g6 4. Bg2 Bg7 5. Nge2 Nf6 6. d3 d6 7. 0-0 0-0 8. h3 Bd7 9. Be3 a6 10. Qd2 Re8 11. Kh2 Rc8 12. a3 b5 13. f4 Qc7 14. Rae1 e6 15. g4 Red8 16. Ng3 Be8 17. Qf2 Nd4 18. g5 Nd7 19. f5 b4 20. Nd1 Be5 21. c3 bxc3 22. bxc3 Nb5 23. fxe6 fxe6 24. a4 Nxc3 25. Nxc3 Bxc3 26. Rc1 Bg7 27. Qa2 Bf7 28. Qf2 Ne5 29. Qc2 Qd7 30. Bf4 Rb8 31. Rf2 Rb4 32. Rcf1 Rf8 33. a5 Qa4 34. Rd1 Qxc2 35. Rxc2 Ra4 36. Be3 Nc6 37. Ne2 Be5+ 38. Kh1 Be8 39. Rf1 Rxf1+ 40. Bxf1 Rxa5 41. Nc1 Ra1 42. Kg2 Nb4 43. Rf2 Bb5 44. Kf3 Ra3 45. Rd2 Bc3 46. Rf2 a5 47. Bd2 Bxd2 48. Rxd2 c4 49. Rb2 cxd3 50. Kf2 Ra1 0-1

[Event "Hessen-ch Seniors op 10th"]
[Site "Bad Sooden-Allendorf"]
[Date "2014.05.03"]
[Round "8"]
[White "Schumacher, Gottfried"]
[Black "Romanow, Werner"]
[Result "1/2-1/2"]
[WhiteElo "2178"]
[BlackElo "2123"]
[PlyCount "67"]
[EventDate "2014.04.26"]
[EventType "swiss"]
[EventRounds "9"]
[EventCountry "GER"]
[SourceTitle "EXT 2018"]
[Source "ChessBase"]
[SourceDate "2017.10.13"]
[SourceVersion "1"]
[SourceVersionDate "2017.10.13"]
[SourceQuality "1"]

1. e4 d5 2. exd5 Qxd5 3. Nf3 Nf6 4. d4 c6 5. Be2 Bg4 6. 0-0 e6 7. c4 Qd8 8. Nc3 Be7 9. Qb3 Qb6 10. Qxb6 axb6 11. b3 Nbd7 12. h3 Bxf3 13. Bxf3 Bb4 14. Bb2 0-0 15. a4 Rfd8 16. Rad1 Rac8 17. Rfe1 g6 18. Re3 Bf8 19. d5 exd5 20. cxd5 cxd5 21. Nxd5 Nxd5 22. Bxd5 Nc5 23. Kf1 Rd7 24. Bf3 Rxd1+ 25. Bxd1 Bg7 26. Ba3 Bd4 27. Re7 Rd8 28. b4 Bf6 29. Re1 Nd3 30. Re3 Nxb4 31. Bb3 Nc6 32. f4 Kg7 33. Bc2 Rd2 34. Re2 1/2-1/2

[Event "Hessen-ch Seniors op 09th"]
[Site "Bad Sooden-Allendorf"]
[Date "2013.04.28"]
[Round "9"]
[White "Kempen, Willi"]
[Black "Romanow, Werner"]
[Result "1/2-1/2"]
[WhiteElo "2036"]
[BlackElo "2117"]
[PlyCount "29"]
[EventDate "2013.04.20"]
[EventType "swiss"]
[EventRounds "9"]
[EventCountry "GER"]
[SourceTitle "EXT 2019"]
[Source "ChessBase"]
[SourceDate "2018.10.10"]
[SourceVersion "1"]
[SourceVersionDate "2018.10.10"]
[SourceQuality "1"]

1. e4 d5 2. exd5 Qxd5 3. Nc3 Qd6 4. Bc4 Nf6 5. Nf3 c6 6. h3 Bf5 7. Bb3 e6 8. d4 Nbd7 9. Be3 Qc7 10. Qe2 Bd6 11. 0-0-0 Nb6 12. g4 Bg6 13. Nh4 0-0-0 14. Rhf1 Nbd5 15. Nxd5 1/2-1/2

[Event "Hessen-ch Seniors op 09th"]
[Site "Bad Sooden-Allendorf"]
[Date "2013.04.21"]
[Round "2"]
[White "Romanow, Werner"]
[Black "Meinke, Dietlind"]
[Result "1-0"]
[WhiteElo "2117"]
[BlackElo "1915"]
[PlyCount "57"]
[EventDate "2013.04.20"]
[EventType "swiss"]
[EventRounds "9"]
[EventCountry "GER"]
[SourceTitle "EXT 2019"]
[Source "ChessBase"]
[SourceDate "2018.10.10"]
[SourceVersion "1"]
[SourceVersionDate "2018.10.10"]
[SourceQuality "1"]

1. c4 c5 2. Nf3 Nc6 3. g3 b6 4. Bg2 Bb7 5. 0-0 Nf6 6. Nc3 e6 7. d3 d5 8. Qa4 Qd7 9. cxd5 exd5 10. e4 d4 11. e5 Nd5 12. Nxd5 Qxd5 13. Ng5 Qd7 14. Re1 Nd8 15. Qxd7+ Kxd7 16. Bxb7 Nxb7 17. Nxf7 Rg8 18. e6+ Ke8 19. f4 g6 20. Bd2 Nd6 21. Ng5 Rg7 22. Rac1 a5 23. a3 a4 24. Nf3 Nb7 25. g4 Bd6 26. Kf2 Na5 27. f5 gxf5 28. gxf5 Be7 29. Bh6 1-0

[Event "Bayern-ch Seniors 24nd"]
[Site "Bergen"]
[Date "2012.06.22"]
[Round "7"]
[White "Romanow, Werner"]
[Black "Urytskyy, Arkadiy"]
[Result "0-1"]
[WhiteElo "1976"]
[BlackElo "2117"]
[PlyCount "90"]
[EventDate "2012.06.16"]
[EventType "swiss"]
[EventRounds "9"]
[EventCountry "GER"]
[SourceTitle "EXT 2015"]
[Source "ChessBase"]
[SourceDate "2014.11.20"]
[SourceVersion "1"]
[SourceVersionDate "2014.11.20"]
[SourceQuality "1"]

1. c4 c5 2. Nf3 Nf6 3. Nc3 d5 4. cxd5 Nxd5 5. g3 Nc6 6. Bg2 Nc7 7. 0-0 e5 8. d3 Be7 9. Be3 Be6 10. Qd2 Qd6 11. Na4 b6 12. Ng5 Bd5 13. Ne4 Qd7 14. Nac3 Be6 15. Rfd1 0-0 16. b3 Rac8 17. Rac1 Nd4 18. Qe1 Rfd8 19. Nd2 Bg4 20. f3 Be6 21. Bf2 Nd5 22. Nxd5 Bxd5 23. Nc4 Nc6 24. Qc3 Be6 25. h4 Nb4 26. Qb2 b5 27. Ne3 a5 28. Nc2 c4 29. Bb6 c3 30. Qb1 Bc5+ 31. Bxc5 Rxc5 32. d4 Rd5 33. e4 Rxd4 34. Nxd4 exd4 35. a3 c2 36. Rxc2 Nxc2 37. Qxc2 d3 38. Qb1 d2 39. Bf1 Qd4+ 40. Kg2 Qc3 41. Be2 Bxb3 42. Rf1 d1Q 43. Bxd1 Qd2+ 44. Kh3 Bxd1 45. Qxb5 Qd7+ 0-1

[Event "Bayern-ch Seniors 24nd"]
[Site "Bergen"]
[Date "2012.06.21"]
[Round "6"]
[White "Hanisch, Friedrich"]
[Black "Romanow, Werner"]
[Result "0-1"]
[WhiteElo "2056"]
[BlackElo "1976"]
[PlyCount "120"]
[EventDate "2012.06.16"]
[EventType "swiss"]
[EventRounds "9"]
[EventCountry "GER"]
[SourceTitle "EXT 2015"]
[Source "ChessBase"]
[SourceDate "2014.11.20"]
[SourceVersion "1"]
[SourceVersionDate "2014.11.20"]
[SourceQuality "1"]

1. d4 Nf6 2. Nf3 g6 3. e3 d5 4. Bd3 Bg7 5. Nbd2 c6 6. 0-0 Bg4 7. h3 Bxf3 8. Nxf3 Nbd7 9. b3 0-0 10. Bb2 Qa5 11. a4 Rfe8 12. c4 Rac8 13. Rc1 a6 14. c5 Qc7 15. b4 Nh5 16. g4 Nhf6 17. Qc2 e6 18. Kg2 Re7 19. Rce1 Ne8 20. g5 f5 21. Nd2 e5 22. f4 e4 23. Be2 Nf8 24. Nb3 Ne6 25. Qd2 Rd7 26. b5 axb5 27. axb5 Ra8 28. b6 Qd8 29. Ra1 Rxa1 30. Rxa1 h6 31. gxh6 Bxh6 32. Rg1 Rg7 33. Qe1 Kh7 34. h4 Qf6 35. Qf2 Re7 36. Kf1 Bf8 37. h5 Rg7 38. hxg6+ Rxg6 39. Rxg6 Qxg6 40. Qh4+ Qh6 41. Qxh6+ Kxh6 42. Bd1 Nf6 43. Na5 Nd8 44. Ba4 Ng8 45. Nxb7 Nxb7 46. Bxc6 Nd8 47. Bxd5 Ne7 48. Bc4 Nec6 49. Bb5 Ne7 50. Bc1 Bg7 51. Bd2 Bf6 52. Ke2 Kg7 53. Ba6 Ndc6 54. b7 Nb8 55. Bb5 Kf8 56. Ba5 Nec6 57. d5 Nxa5 58. c6 Bd8 59. Kd2 Ke7 60. Kc3 Kd6 0-1

[Event "Hessen-ch Seniors op 08th"]
[Site "Bad Sooden-Allendorf"]
[Date "2012.04.20"]
[Round "7"]
[White "Romanow, Werner"]
[Black "Blosze, Winfried"]
[Result "1-0"]
[WhiteElo "2114"]
[BlackElo "1902"]
[PlyCount "79"]
[EventDate "2012.04.14"]
[EventType "swiss"]
[EventRounds "9"]
[EventCountry "GER"]
[SourceTitle "EXT 2019"]
[Source "ChessBase"]
[SourceDate "2018.10.10"]
[SourceVersion "1"]
[SourceVersionDate "2018.10.10"]
[SourceQuality "1"]

1. c4 Nf6 2. g3 e6 3. Bg2 c5 4. Nf3 Nc6 5. 0-0 Be7 6. Nc3 d5 7. cxd5 Nxd5 8. Nxd5 Qxd5 9. d3 Qd7 10. Bf4 Bf6 11. Rc1 Bxb2 12. Rxc5 0-0 13. Qb3 Bf6 14. Rfc1 Be7 15. R5c2 Bf6 16. Be3 Rb8 17. Nd2 Na5 18. Qa3 Qd8 19. Bxa7 Ra8 20. Qc5 Be7 21. Qe3 Ba3 22. Bb6 Qe8 23. Rxc8 Rxc8 24. Rxc8 Qxc8 25. Bxa5 Bc5 26. Qf4 b6 27. Bb4 Rd8 28. Nb3 Bxb4 29. Qxb4 Qc7 30. Bf3 g6 31. Kg2 h5 32. h4 Kg7 33. Nd2 e5 34. Nc4 Rb8 35. Qb5 f6 36. a4 Kh6 37. Be4 g5 38. hxg5+ Kxg5 39. Qd5 f5 40. f4+ 1-0

[Event "Hessen-ch Seniors op 07th"]
[Site "Bad Sooden-Allendorf"]
[Date "2011.05.06"]
[Round "7"]
[White "Lindner, Jan Joost"]
[Black "Romanow, Werner"]
[Result "1-0"]
[WhiteElo "2054"]
[BlackElo "1922"]
[PlyCount "53"]
[EventDate "2011.04.30"]
[EventType "swiss"]
[EventRounds "9"]
[EventCountry "GER"]
[SourceTitle "EXT 2012"]
[Source "ChessBase"]
[SourceDate "2011.11.24"]
[SourceVersion "1"]
[SourceVersionDate "2011.11.24"]
[SourceQuality "1"]

1. f4 d5 2. Nf3 g6 3. e3 Bg7 4. Be2 Nf6 5. 0-0 Nbd7 6. d3 c5 7. Qe1 Qc7 8. Nc3 a6 9. e4 d4 10. Nd1 Nb6 11. b3 Bg4 12. Bd2 Nbd7 13. e5 Nd5 14. Nf2 Bxf3 15. Bxf3 N7b6 16. a4 Rd8 17. a5 Nc8 18. Bxd5 Rxd5 19. Ne4 0-0 20. Qh4 f6 21. Rf3 Rf7 22. Raf1 Qd7 23. f5 Rxe5 24. Rh3 Rxf5 25. Qxh7+ Kf8 26. Bh6 Rxf1+ 27. Kxf1 1-0

[Event "Hessen-ch Seniors op 07th"]
[Site "Bad Sooden-Allendorf"]
[Date "2011.05.01"]
[Round "2"]
[White "Romanow, Werner"]
[Black "Kirchberg, Hans Georg"]
[Result "1/2-1/2"]
[WhiteElo "1922"]
[BlackElo "1627"]
[PlyCount "125"]
[EventDate "2011.04.30"]
[EventType "swiss"]
[EventRounds "9"]
[EventCountry "GER"]
[SourceTitle "EXT 2012"]
[Source "ChessBase"]
[SourceDate "2011.11.24"]
[SourceVersion "1"]
[SourceVersionDate "2011.11.24"]
[SourceQuality "1"]

1. c4 Nf6 2. Nc3 e6 3. g3 d5 4. Bg2 c6 5. b3 Be7 6. Nf3 Nbd7 7. 0-0 0-0 8. Bb2 b6 9. d3 Bb7 10. e3 Qc7 11. Rc1 dxc4 12. bxc4 Rfd8 13. Qe2 h6 14. Rfd1 c5 15. h3 a6 16. Kh2 Bd6 17. Ne1 Bxg2 18. Nxg2 Qb7 19. a4 Ne5 20. e4 Nc6 21. f4 Nd4 22. Qf2 Bc7 23. Ne1 Rd7 24. Rb1 Rad8 25. Ne2 e5 26. Nxd4 exd4 27. Bc1 Qc6 28. Qc2 Nh5 29. Qe2 Nf6 30. Bd2 Kh7 31. Qf3 Ng8 32. Ra1 Rb8 33. Rdb1 Rdd8 34. Qg4 Ne7 35. f5 Ng8 36. Bf4 Nf6 37. Qf3 Bxf4 38. Qxf4 Nh5 39. Qh4 Nf6 40. Nf3 Nd7 41. Ra2 Re8 42. Qf4 b5 43. axb5 axb5 44. Rab2 b4 45. g4 Ra8 46. g5 Ra3 47. Rd2 Rea8 48. Rg1 Ra2 49. gxh6 Qxh6 50. Qxh6+ Kxh6 51. Rgg2 Rxd2 52. Rxd2 b3 53. Kg3 Ra2 54. Rd1 Nb6 55. e5 b2 56. Rb1 Na4 57. e6 fxe6 58. fxe6 Kg6 59. Rf1 Ra1 60. Ne5+ Kh7 61. e7 Rxf1 62. e8Q b1Q 63. Qg6+ 1/2-1/2